[Event "Regionalliga Sued-West 1718"]
[Site "Bayern"]
[Date "2017.11.12"]
[Round "2.4"]
[White "Straub, Peter"]
[Black "Erler, Mark"]
[Result "0-1"]
[WhiteElo "1927"]
[BlackElo "2035"]
[PlyCount "84"]
[EventDate "2017.10.22"]
[EventType "team-tourn"]
[EventRounds "9"]
[EventCountry "GER"]
[SourceTitle "EXT 2022"]
[Source "ChessBase"]
[SourceDate "2021.10.06"]
[SourceVersion "1"]
[SourceVersionDate "2021.10.06"]
[SourceQuality "1"]
[WhiteTeam "Mering"]
[BlackTeam "Tuerkheim/Bad Woerishofen"]
[WhiteTeamCountry "GER"]
[BlackTeamCountry "GER"]

1. d4 Nf6 2. Nf3 g6 3. g3 Bg7 4. Bg2 0-0 5. 0-0 d6 6. c4 Nbd7 7. Nc3 e5 8. e4 a6 9. Re1 exd4 10. Nxd4 Ne5 11. b3 Bg4 12. f3 Bd7 13. Be3 Nh5 14. Qd2 Re8 15. Rad1 Rb8 16. a4 Nc6 17. Nd5 Nf6 18. Bg5 Nxd4 19. Qxd4 Nxd5 20. Qxd5 Qc8 21. Qd3 Bc6 22. Be3 b5 23. axb5 axb5 24. c5 dxc5 25. Bxc5 b4 26. Bf2 Bc3 27. Re3 Bb5 28. Qd5 c6 29. Qg5 Qe6 30. Rb1 Bd2 31. Qc5 Red8 32. f4 Bxe3 33. Bxe3 Bd3 34. f5 Qe8 35. Re1 Bxe4 36. Bf4 Rb5 37. Qc4 gxf5 38. Bxe4 fxe4 39. Rxe4 Rd1+ 40. Kg2 Qd7 41. Bh6 Rd6 42. Bf4 Re6 0-1

[Event "GER-chA Seniors 28th"]
[Site "Niederhausen"]
[Date "2016.08.14"]
[Round "2"]
[White "Straub, Peter"]
[Black "Mertens, Gottfried"]
[Result "1-0"]
[WhiteElo "2105"]
[BlackElo "1959"]
[PlyCount "71"]
[EventDate "2016.08.13"]
[EventType "swiss"]
[EventRounds "9"]
[EventCountry "GER"]
[SourceTitle "EXT 2019"]
[Source "ChessBase"]
[SourceDate "2018.10.10"]
[SourceVersion "1"]
[SourceVersionDate "2018.10.10"]
[SourceQuality "1"]

1. d4 f5 2. g3 Nf6 3. Bg2 g6 4. Nh3 Bg7 5. 0-0 0-0 6. e3 d6 7. c4 e5 8. Nc3 c6 9. b3 Qc7 10. Qe2 Re8 11. d5 c5 12. Bb2 a6 13. Rad1 Bd7 14. Ng5 h6 15. Ne6 Bxe6 16. dxe6 e4 17. Nd5 Nxd5 18. cxd5 b5 19. f3 exf3 20. Bxf3 Ra7 21. e4 Bxb2 22. Qxb2 Qg7 23. Qc2 Rf8 24. exf5 gxf5 25. Bh5 Qg5 26. Bf7+ Raxf7 27. exf7+ Rxf7 28. Rf4 Nd7 29. Rdf1 Ne5 30. Rxf5 Qe3+ 31. Kg2 Qd4 32. Rxf7 Nxf7 33. Qg6+ Qg7 34. Qe6 c4 35. bxc4 bxc4 36. Rf6 1-0

[Event "GER-chT Seniors 24th"]
[Site "Berlin"]
[Date "2015.09.07"]
[Round "2.4"]
[White "Straub, Peter"]
[Black "Kiefer, Gerhard"]
[Result "1/2-1/2"]
[WhiteElo "2096"]
[BlackElo "2230"]
[PlyCount "56"]
[EventDate "2015.09.06"]
[EventType "team-swiss"]
[EventRounds "7"]
[EventCountry "GER"]
[SourceTitle "EXT 2018"]
[Source "ChessBase"]
[SourceDate "2017.10.13"]
[SourceVersion "1"]
[SourceVersionDate "2017.10.13"]
[SourceQuality "1"]
[WhiteTeam "Bayern Seniors"]
[BlackTeam "Baden Seniors"]
[WhiteTeamCountry "GER"]
[BlackTeamCountry "GER"]

1. d4 Nf6 2. Nf3 e6 3. c4 c5 4. Nc3 cxd4 5. Nxd4 a6 6. e4 Qc7 7. Bd3 Bb4 8. Bd2 0-0 9. 0-0 Nc6 10. Nxc6 dxc6 11. Qe2 e5 12. h3 Bc5 13. Bg5 Nd7 14. Be3 Re8 15. a3 a5 16. Rab1 Qd6 17. Rbd1 Bd4 18. Bxd4 Qxd4 19. Bc2 Qa7 20. Rfe1 Nf8 21. Qe3 Qxe3 22. Rxe3 Ne6 23. Ne2 a4 24. Red3 Nc5 25. Rd8 Be6 26. Rxe8+ Rxe8 27. Nc3 Bxc4 28. Nxa4 Nxa4 1/2-1/2

[Event "Rheinland Pfalz op Seniors 13th"]
[Site "Neustadt an der Weinstrasse"]
[Date "2015.07.13"]
[Round "4"]
[White "Straub, Peter"]
[Black "Kalepky, Helmut"]
[Result "1/2-1/2"]
[WhiteElo "2117"]
[BlackElo "2040"]
[PlyCount "53"]
[EventDate "2015.07.10"]
[EventType "swiss"]
[EventRounds "7"]
[EventCountry "GER"]
[SourceTitle "EXT 2019"]
[Source "ChessBase"]
[SourceDate "2018.10.10"]
[SourceVersion "1"]
[SourceVersionDate "2018.10.10"]
[SourceQuality "1"]

1. d4 Nf6 2. Nf3 e6 3. c4 c5 4. Nc3 cxd4 5. Nxd4 d6 6. e4 Nc6 7. Be3 Bd7 8. Rc1 a6 9. Be2 Be7 10. 0-0 0-0 11. f4 Qa5 12. Nb3 Qc7 13. Qe1 Rac8 14. Qg3 Qb8 15. f5 Kh8 16. Bf4 b5 17. c5 e5 18. Bg5 dxc5 19. Bxf6 Bxf6 20. Nd5 Nd4 21. Nxd4 cxd4 22. Nxf6 gxf6 23. Qh4 Qd6 24. Rxc8 Rxc8 25. Rf3 Rg8 26. Rh3 Rg7 27. Bd3 1/2-1/2

[Event "Bayern-ch Seniors op 27th"]
[Site "Bergen"]
[Date "2015.06.15"]
[Round "7"]
[White "Schmidt, Gerhard3333"]
[Black "Straub, Peter"]
[Result "1/2-1/2"]
[WhiteElo "2131"]
[BlackElo "1965"]
[PlyCount "42"]
[EventDate "2015.06.15"]
[EventType "swiss"]
[EventRounds "9"]
[EventCountry "GER"]
[SourceTitle "EXT 2019"]
[Source "ChessBase"]
[SourceDate "2018.10.10"]
[SourceVersion "1"]
[SourceVersionDate "2018.10.10"]
[SourceQuality "1"]

1. d4 Nf6 2. Nf3 e6 3. e3 b6 4. c4 Bb7 5. Bd3 c5 6. Nc3 cxd4 7. exd4 Be7 8. 0-0 0-0 9. Bg5 d6 10. Rc1 Nbd7 11. Qe2 h6 12. Bf4 Re8 13. Rfd1 a6 14. h3 Ra7 15. Ne4 Nxe4 16. Bxe4 g6 17. Bxb7 Rxb7 18. b4 b5 19. d5 e5 20. Be3 bxc4 21. Qxc4 Qb8 1/2-1/2

[Event "Bayern-ch Seniors op 27th"]
[Site "Bergen"]
[Date "2015.06.15"]
[Round "4"]
[White "Straub, Peter"]
[Black "Daeubler, Heinrich"]
[Result "1/2-1/2"]
[WhiteElo "1965"]
[BlackElo "2058"]
[PlyCount "63"]
[EventDate "2015.06.15"]
[EventType "swiss"]
[EventRounds "9"]
[EventCountry "GER"]
[SourceTitle "EXT 2019"]
[Source "ChessBase"]
[SourceDate "2018.10.10"]
[SourceVersion "1"]
[SourceVersionDate "2018.10.10"]
[SourceQuality "1"]

1. d4 Nf6 2. c4 g6 3. Nf3 Bg7 4. Nc3 0-0 5. g3 d6 6. Bg2 Nc6 7. 0-0 a6 8. e4 Rb8 9. d5 Na5 10. Qe2 c5 11. Nd2 b5 12. Rb1 Nxc4 13. Nxc4 bxc4 14. Qxc4 Rb4 15. Qe2 Qb6 16. Re1 Ng4 17. Nd1 a5 18. h3 Ne5 19. Bd2 Ba6 20. Qe3 Nc4 21. Qf4 Nxd2 22. Qxd2 Rb8 23. Bf1 Bxf1 24. Kxf1 a4 25. Qc2 Qb5+ 26. Kg2 Bxb2 27. Rxb2 Rxb2 28. Nxb2 Qxb2 29. Qxa4 Qd2 30. Re3 Kg7 31. Rb3 Rxb3 32. axb3 1/2-1/2

[Event "Regionalliga SW 1415"]
[Site "Bayern"]
[Date "2015.04.12"]
[Round "9.7"]
[White "Lerch, Martin"]
[Black "Straub, Peter"]
[Result "1-0"]
[WhiteElo "2024"]
[BlackElo "1985"]
[PlyCount "53"]
[EventDate "2014.10.19"]
[EventType "team-tourn"]
[EventRounds "9"]
[EventCountry "GER"]
[SourceTitle "EXT 2018"]
[Source "ChessBase"]
[SourceDate "2017.10.13"]
[SourceVersion "1"]
[SourceVersionDate "2017.10.13"]
[SourceQuality "1"]
[WhiteTeam "MSA Zugzwang II"]
[BlackTeam "Mering"]
[WhiteTeamCountry "GER"]
[BlackTeamCountry "GER"]

1. e4 c5 2. Nc3 Nc6 3. f4 d6 4. Nf3 e6 5. Bc4 Nf6 6. Bb3 Be7 7. d3 0-0 8. 0-0 Bd7 9. Qe1 Nd4 10. Nxd4 cxd4 11. Ne2 Qb6 12. Ng3 Bc6 13. Qe2 Rae8 14. f5 e5 15. Nh5 Qd8 16. Nxf6+ Bxf6 17. Qh5 d5 18. Rf3 g6 19. Qg4 a5 20. Bh6 Bg7 21. Bxg7 Kxg7 22. f6+ Kh8 23. Qg5 Bd7 24. Bxd5 Qb6 25. Qh6 Rg8 26. Bxf7 Qc7 27. Raf1 1-0

[Event "Regionalliga SW 1415"]
[Site "Bayern"]
[Date "2015.01.18"]
[Round "5.6"]
[White "Sajka, Mariusz"]
[Black "Straub, Peter"]
[Result "1/2-1/2"]
[WhiteElo "2195"]
[BlackElo "1985"]
[PlyCount "77"]
[EventDate "2014.10.19"]
[EventType "team-tourn"]
[EventRounds "9"]
[EventCountry "GER"]
[SourceTitle "EXT 2018"]
[Source "ChessBase"]
[SourceDate "2017.10.13"]
[SourceVersion "1"]
[SourceVersionDate "2017.10.13"]
[SourceQuality "1"]
[WhiteTeam "Garching II"]
[BlackTeam "Mering"]
[WhiteTeamCountry "GER"]
[BlackTeamCountry "GER"]

1. d4 Nf6 2. c4 e6 3. g3 d5 4. Nf3 Be7 5. Bg2 0-0 6. 0-0 dxc4 7. Ne5 Nc6 8. Nxc6 bxc6 9. Bxc6 Rb8 10. Nc3 Nd5 11. e4 Nb4 12. Bb5 Nd3 13. Bxc4 Nxb2 14. Bxb2 Rxb2 15. Bb3 Ba6 16. Re1 Bb4 17. Re3 c5 18. d5 c4 19. Bc2 Bxc3 20. Rxc3 Qa5 21. Qd4 Rxa2 22. Rxa2 Qxa2 23. Kg2 Qa5 24. Re3 exd5 25. Qxa7 Qb5 26. exd5 Bb7 27. Be4 Bxd5 28. Qd4 Bxe4+ 29. Rxe4 Rc8 30. Qc3 g6 31. h4 Qd5 32. f3 Qd3 33. Qxd3 cxd3 34. Rd4 Rc2+ 35. Kf1 Rd2 36. Ke1 Rg2 37. Kf1 Rd2 38. Ke1 Re2+ 39. Kf1 1/2-1/2

[Event "Regionalliga SW 1415"]
[Site "Bayern"]
[Date "2014.11.09"]
[Round "2.7"]
[White "Osthoff, Michael"]
[Black "Straub, Peter"]
[Result "1/2-1/2"]
[WhiteElo "1977"]
[BlackElo "1985"]
[PlyCount "97"]
[EventDate "2014.10.19"]
[EventType "team-tourn"]
[EventRounds "9"]
[EventCountry "GER"]
[SourceTitle "EXT 2018"]
[Source "ChessBase"]
[SourceDate "2017.10.13"]
[SourceVersion "1"]
[SourceVersionDate "2017.10.13"]
[SourceQuality "1"]
[WhiteTeam "Muenchen Siemens"]
[BlackTeam "Mering"]
[WhiteTeamCountry "GER"]
[BlackTeamCountry "GER"]

1. d4 Nf6 2. c4 e6 3. Nf3 b6 4. g3 Ba6 5. b3 Bb4+ 6. Bd2 Be7 7. Bg2 d5 8. Qc2 0-0 9. 0-0 c6 10. Bg5 Nbd7 11. Nbd2 h6 12. Bxf6 Bxf6 13. Rac1 Rc8 14. Rfd1 c5 15. e3 cxd4 16. exd4 dxc4 17. bxc4 Bxc4 18. Nxc4 b5 19. Qb3 bxc4 20. Rxc4 Nb6 21. Rxc8 Qxc8 22. a4 Qc7 23. Ne1 Rb8 24. Nc2 Rc8 25. Ne3 Qc3 26. Qxc3 Rxc3 27. a5 Nc4 28. Nxc4 Rxc4 29. d5 exd5 30. Rxd5 Rd4 31. Rb5 Rd1+ 32. Bf1 Bd4 33. Rf5 g6 34. Rf3 Kg7 35. Kg2 Rd2 36. a6 f5 37. Bc4 h5 38. h3 Bb6 39. Kf1 Kf6 40. g4 hxg4 41. hxg4 Rd4 42. Bb5 Rxg4 43. Rc3 Re4 44. Rc6+ Re6 45. Rxe6+ Kxe6 46. Kg2 Ke5 47. f3 Kf4 48. Bc6 g5 49. Bb7 1/2-1/2

[Event "Bayern-ch op Seniors 26th"]
[Site "Bergen"]
[Date "2014.06.25"]
[Round "6"]
[White "Straub, Peter"]
[Black "Flockerzi, Armin"]
[Result "0-1"]
[WhiteElo "2009"]
[BlackElo "1565"]
[PlyCount "74"]
[EventDate "2014.06.21"]
[EventType "swiss"]
[EventRounds "7"]
[EventCountry "GER"]
[SourceTitle "EXT 2018"]
[Source "ChessBase"]
[SourceDate "2017.10.13"]
[SourceVersion "1"]
[SourceVersionDate "2017.10.13"]
[SourceQuality "1"]

1. d4 d5 2. c4 c6 3. Nc3 Nf6 4. e3 e6 5. Bd3 g6 6. Nf3 Bg7 7. b3 Nbd7 8. Qc2 b6 9. e4 dxe4 10. Nxe4 Nxe4 11. Bxe4 Qc7 12. Bb2 0-0 13. 0-0 Ba6 14. Rfd1 Rfd8 15. b4 Bb7 16. Rab1 Nf6 17. Bd3 c5 18. Be2 Be4 19. Bd3 Bxf3 20. gxf3 cxb4 21. a3 Nh5 22. axb4 Bxd4 23. Bc1 Be5 24. h3 Bf4 25. Bb2 Be5 26. Bc1 Rd7 27. Be3 Bf4 28. Bf1 Rad8 29. Rxd7 Qxd7 30. c5 Rc8 31. Rc1 bxc5 32. bxc5 Qc6 33. Qc4 Bxe3 34. fxe3 Qxf3 35. Qd4 Ng3 36. Qd7 Qxe3+ 37. Kg2 Rb8 0-1

[Event "GER-ch Seniors"]
[Site "Dresden"]
[Date "2012.08.10"]
[Round "2"]
[White "Straub, Peter"]
[Black "Kierzek, Mira"]
[Result "1/2-1/2"]
[WhiteElo "2162"]
[BlackElo "2015"]
[PlyCount "99"]
[EventDate "2012.08.09"]
[EventType "swiss"]
[EventRounds "9"]
[EventCountry "GER"]
[SourceTitle "EXT 2014"]
[Source "ChessBase"]
[SourceDate "2013.11.20"]
[SourceVersion "1"]
[SourceVersionDate "2013.11.20"]
[SourceQuality "1"]

1. d4 d5 2. Nf3 Nf6 3. g3 g6 4. Bg2 Bg7 5. 0-0 0-0 6. c4 c6 7. Nc3 Nbd7 8. b3 Qa5 9. Bd2 dxc4 10. bxc4 Qc7 11. Bf4 Qa5 12. Qd2 Qa6 13. c5 Nd5 14. Nxd5 cxd5 15. Rac1 Re8 16. Ne5 Nxe5 17. dxe5 e6 18. e4 Bd7 19. exd5 exd5 20. Bxd5 Bb5 21. Rfe1 Rad8 22. Re4 Bc6 23. Rd4 Rc8 24. Bxc6 Qxc6 25. Rd6 Qb5 26. Qd5 Re7 27. e6 Qe8 28. exf7+ Qxf7 29. Qxf7+ Rxf7 30. c6 bxc6 31. Rdxc6 Rxc6 32. Rxc6 Rb7 33. Rc8+ Kf7 34. Rc7+ Rxc7 35. Bxc7 Bd4 36. Kf1 Ke6 37. Ke2 Kd5 38. Bf4 a6 39. Be3 Be5 40. Kd3 Bf6 41. Bd2 Be5 42. f4 Bf6 43. a4 Be7 44. h3 h5 45. g4 hxg4 46. hxg4 Bd8 47. Bc3 Bc7 48. Bd2 Bd8 49. f5 gxf5 50. gxf5 1/2-1/2

[Event "Bad Woerishofen Seniors op 28th"]
[Site "Bad Woerishofen"]
[Date "2012.03.09"]
[Round "8.3"]
[White "Hoennekes, Klaus"]
[Black "Straub, Peter"]
[Result "0-1"]
[WhiteElo "1965"]
[BlackElo "2074"]
[PlyCount "72"]
[EventDate "2012.03.02"]
[EventType "swiss"]
[EventRounds "9"]
[EventCountry "GER"]
[SourceTitle "EXT 2022"]
[Source "ChessBase"]
[SourceDate "2021.10.06"]
[SourceVersion "1"]
[SourceVersionDate "2021.10.06"]
[SourceQuality "1"]

1. e4 c5 2. Nc3 e6 3. g3 d5 4. d3 Nf6 5. e5 Nfd7 6. f4 Nc6 7. Nf3 Be7 8. Bg2 b5 9. 0-0 b4 10. Ne2 a5 11. Kh1 0-0 12. Re1 Ba6 13. c3 Qc7 14. Be3 Nb6 15. Qc2 a4 16. a3 bxa3 17. bxa3 c4 18. Bxb6 Qxb6 19. dxc4 Bxc4 20. Ned4 Na5 21. f5 Nb3 22. Rab1 Qa6 23. Rbd1 Nc5 24. f6 gxf6 25. exf6 Bxf6 26. Qd2 Ne4 27. Rxe4 dxe4 28. Ng5 e5 29. Nxe4 exd4 30. Qf4 Bg7 31. cxd4 Rad8 32. h4 Rxd4 33. Rxd4 Bxd4 34. Nd6 Be6 35. Be4 Bg7 36. Bf3 Qf1+ 0-1

[Event "Wch Seniors 21st"]
[Site "Rijeka"]
[Date "2011.11.16"]
[Round "2"]
[White "Straub, Peter"]
[Black "Filipenko, Alexander V"]
[Result "0-1"]
[WhiteElo "2168"]
[BlackElo "2353"]
[PlyCount "60"]
[EventDate "2011.11.15"]
[EventType "swiss"]
[EventRounds "11"]
[EventCountry "CRO"]
[SourceTitle "CBM 145 Extra"]
[Source "ChessBase"]
[SourceDate "2012.01.03"]
[SourceVersion "1"]
[SourceVersionDate "2012.01.03"]
[SourceQuality "1"]

1. d4 d5 2. Nf3 Nf6 3. c4 c6 4. Nc3 e6 5. g3 Nbd7 6. Bg2 dxc4 7. a4 Bb4 8. 0-0 0-0 9. Nd2 e5 10. Nxc4 exd4 11. Qxd4 Nc5 12. Qxd8 Rxd8 13. Bg5 Be6 14. Ne5 h6 15. Be3 a5 16. Rfd1 Bb3 17. Rxd8+ Rxd8 18. Bxc5 Bxc5 19. Nd3 Be7 20. Bf1 Nd7 21. Ne4 Bc2 22. Nd2 Nc5 23. Nxc5 Bxc5 24. Nc4 Bb4 25. Rc1 Bb3 26. Bh3 Bxa4 27. Nb6 Bb3 28. Bc8 a4 29. Bf5 Rd2 30. Rb1 Bc5 0-1

[Event "Bayern-ch Seniors 23rd"]
[Site "Bergen"]
[Date "2011.06.02"]
[Round "6"]
[White "Straub, Peter"]
[Black "Siegmund, Rainer"]
[Result "1/2-1/2"]
[WhiteElo "2048"]
[BlackElo "2053"]
[PlyCount "21"]
[EventDate "2011.05.28"]
[EventType "swiss"]
[EventRounds "9"]
[EventCountry "GER"]
[SourceTitle "EXT 2012"]
[Source "ChessBase"]
[SourceDate "2011.11.24"]
[SourceVersion "1"]
[SourceVersionDate "2011.11.24"]
[SourceQuality "1"]

1. d4 Nf6 2. Nf3 e6 3. c4 b6 4. g3 Ba6 5. b3 Bb4+ 6. Bd2 Be7 7. Bg2 c6 8. 0-0 d5 9. Ne5 Nfd7 10. Nxd7 Nxd7 11. Nc3 1/2-1/2

[Event "Bayern-ch Seniors 23rd"]
[Site "Bergen"]
[Date "2011.06.01"]
[Round "5"]
[White "Roeder, Gerd"]
[Black "Straub, Peter"]
[Result "1/2-1/2"]
[WhiteElo "2094"]
[BlackElo "2048"]
[PlyCount "94"]
[EventDate "2011.05.28"]
[EventType "swiss"]
[EventRounds "9"]
[EventCountry "GER"]
[SourceTitle "EXT 2012"]
[Source "ChessBase"]
[SourceDate "2011.11.24"]
[SourceVersion "1"]
[SourceVersionDate "2011.11.24"]
[SourceQuality "1"]

1. e4 c5 2. c3 Nf6 3. e5 Nd5 4. d4 cxd4 5. cxd4 d6 6. Bc4 Nb6 7. Bb3 Nc6 8. e6 fxe6 9. Nf3 e5 10. dxe5 d5 11. Nc3 e6 12. 0-0 Be7 13. Bf4 0-0 14. Bg3 Bd7 15. Nd4 Nxd4 16. Qxd4 Rc8 17. Rac1 Qe8 18. Qg4 Nc4 19. Qe2 b5 20. Nd1 Qf7 21. Bc2 Bb4 22. Kh1 Nd2 23. Rg1 Ne4 24. Rf1 Bd2 25. Nc3 Bxc1 26. Nxe4 dxe4 27. Rxc1 Bc6 28. Re1 Qb7 29. Kg1 Bd5 30. b3 Rc3 31. h3 Rfc8 32. Bxe4 Bxe4 33. Qxe4 Qxe4 34. Rxe4 Rc1+ 35. Kh2 Ra1 36. a4 bxa4 37. bxa4 Rc5 38. Rd4 Ra5 39. Rd6 Kf7 40. Rd7+ Kg6 41. Rd6 Kf5 42. Rd7 g5 43. Rxh7 Kg6 44. Rh8 R1xa4 45. Rg8+ Kh6 46. Rf8 Ra6 47. f4 gxf4 1/2-1/2

[Event "Bayern-ch Seniors 23rd"]
[Site "Bergen"]
[Date "2011.05.31"]
[Round "4"]
[White "Straub, Peter"]
[Black "Urytskyy, Arkadiy"]
[Result "1-0"]
[WhiteElo "2048"]
[BlackElo "2115"]
[PlyCount "83"]
[EventDate "2011.05.28"]
[EventType "swiss"]
[EventRounds "9"]
[EventCountry "GER"]
[SourceTitle "EXT 2012"]
[Source "ChessBase"]
[SourceDate "2011.11.24"]
[SourceVersion "1"]
[SourceVersionDate "2011.11.24"]
[SourceQuality "1"]

1. d4 Nf6 2. Nf3 g6 3. c4 Bg7 4. g3 0-0 5. Bg2 c5 6. d5 d6 7. 0-0 Na6 8. Nc3 Nc7 9. e4 a6 10. a4 Rb8 11. a5 b5 12. axb6 Rxb6 13. Qd3 Bg4 14. Ne1 Rb3 15. h3 Bc8 16. Qc2 Rb4 17. b3 Nd7 18. Ra2 e6 19. Nd3 Rb8 20. Be3 exd5 21. exd5 Ne5 22. Nxe5 Bxe5 23. Ra3 f5 24. Ne2 Re8 25. Qd2 Rb4 26. Nc1 Bf6 27. Nd3 Rb8 28. b4 cxb4 29. Nxb4 Qd7 30. Rb1 Rf8 31. Rab3 Ne8 32. Nc6 Rxb3 33. Rxb3 Bg7 34. Nd4 Nf6 35. Ne6 Qa4 36. Rb1 Bxe6 37. dxe6 Ne4 38. Bxe4 fxe4 39. Qxd6 Bb2 40. e7 Re8 41. Qd5+ Kg7 42. Rxb2 1-0

[Event "Bayern-ch Seniors 23rd"]
[Site "Bergen"]
[Date "2011.05.30"]
[Round "3"]
[White "Hein, Manfred"]
[Black "Straub, Peter"]
[Result "0-1"]
[WhiteElo "1916"]
[BlackElo "2048"]
[PlyCount "86"]
[EventDate "2011.05.28"]
[EventType "swiss"]
[EventRounds "9"]
[EventCountry "GER"]
[SourceTitle "EXT 2012"]
[Source "ChessBase"]
[SourceDate "2011.11.24"]
[SourceVersion "1"]
[SourceVersionDate "2011.11.24"]
[SourceQuality "1"]

1. d4 d5 2. Nf3 Nf6 3. e3 e6 4. c4 c6 5. Nc3 Nbd7 6. Be2 Bd6 7. Qc2 0-0 8. 0-0 dxc4 9. Bxc4 b5 10. Bd3 Bb7 11. e4 e5 12. Bg5 h6 13. Bh4 exd4 14. Nxd4 Nc5 15. Rad1 Bxh2+ 16. Kxh2 Qxd4 17. Be2 Qe5+ 18. f4 Qe6 19. Bxf6 Qxf6 20. Nxb5 Nxe4 21. Qxe4 Rae8 22. Qf3 cxb5 23. Qxb7 Rxe2 24. Qxb5 Rxb2 25. Qd5 Qa6 26. Ra1 Rb5 27. Qf3 g6 28. Rfe1 Qf6 29. Kg1 Rf5 30. g3 g5 31. Rac1 gxf4 32. Rc6 Qg7 33. Rf1 Rg5 34. Qxf4 Rxg3+ 35. Kh2 Rg5 36. Rf3 Re8 37. Rc2 Qg6 38. Rcf2 Rh5+ 39. Rh3 Rxh3+ 40. Kxh3 Qe6+ 41. Kh2 Qe5 42. Qg3+ Qxg3+ 43. Kxg3 Kg7 0-1

[Event "Bayern-ch Seniors 23rd"]
[Site "Bergen"]
[Date "2011.05.29"]
[Round "2"]
[White "Straub, Peter"]
[Black "Petroschka, Bernd"]
[Result "1-0"]
[WhiteElo "2048"]
[BlackElo "1820"]
[PlyCount "73"]
[EventDate "2011.05.28"]
[EventType "swiss"]
[EventRounds "9"]
[EventCountry "GER"]
[SourceTitle "EXT 2012"]
[Source "ChessBase"]
[SourceDate "2011.11.24"]
[SourceVersion "1"]
[SourceVersionDate "2011.11.24"]
[SourceQuality "1"]

1. d4 Nf6 2. Nf3 e6 3. c4 b6 4. g3 Bb7 5. Bg2 Bb4+ 6. Bd2 Qe7 7. 0-0 Bxd2 8. Qxd2 0-0 9. Nc3 d6 10. Qc2 Nbd7 11. e4 e5 12. Rfe1 Rfe8 13. Rad1 a6 14. d5 a5 15. a3 Nc5 16. b4 Na6 17. Qb3 Reb8 18. Rb1 Bc8 19. Qc2 Rb7 20. Rb2 axb4 21. axb4 Bd7 22. Ra2 Qe8 23. Qb3 Rba7 24. Rea1 Qb8 25. Nb5 Bxb5 26. cxb5 Nxb4 27. Rxa7 Rxa7 28. Rxa7 Qxa7 29. Qxb4 Qa1+ 30. Qe1 Qa4 31. Qe2 Nxe4 32. Bf1 Nf6 33. Qc4 Qxc4 34. Bxc4 Ne4 35. Kf1 Nc3 36. Ke1 f5 37. Ng5 1-0

[Event "Bayern-ch Seniors 23rd"]
[Site "Bergen"]
[Date "2011.05.28"]
[Round "1"]
[White "Klimpel, Siegfried"]
[Black "Straub, Peter"]
[Result "0-1"]
[WhiteElo "1688"]
[BlackElo "2048"]
[PlyCount "52"]
[EventDate "2011.05.28"]
[EventType "swiss"]
[EventRounds "9"]
[EventCountry "GER"]
[SourceTitle "EXT 2012"]
[Source "ChessBase"]
[SourceDate "2011.11.24"]
[SourceVersion "1"]
[SourceVersionDate "2011.11.24"]
[SourceQuality "1"]

1. e4 c5 2. c3 Nf6 3. e5 Nd5 4. Bc4 Nb6 5. Bb3 d5 6. exd6 e6 7. Nf3 Bxd6 8. d4 N8d7 9. Bg5 Qc7 10. Na3 a6 11. Qe2 0-0 12. Rc1 h6 13. Be3 Nf6 14. h3 Nbd5 15. dxc5 Bxc5 16. Bxc5 Qxc5 17. Qc4 Qxc4 18. Nxc4 Nf4 19. Nfe5 Nxg2+ 20. Kf1 Nf4 21. Nb6 Rb8 22. Rd1 N4d5 23. Nxd5 exd5 24. Bxd5 Nxd5 25. Rxd5 Be6 26. Nd7 Bxd5 0-1

[Event "Bad Woerishofen Seniors op 27th"]
[Site "Bad Woerishofen"]
[Date "2011.03.28"]
[Round "6"]
[White "Straub, Peter"]
[Black "Puehn, Georg"]
[Result "0-1"]
[WhiteElo "2108"]
[BlackElo "1990"]
[PlyCount "58"]
[EventDate "2011.03.24"]
[EventType "swiss"]
[EventRounds "9"]
[EventCountry "GER"]
[SourceTitle "EXT 2012"]
[Source "ChessBase"]
[SourceDate "2011.11.24"]
[SourceVersion "1"]
[SourceVersionDate "2011.11.24"]
[SourceQuality "1"]

1. d4 d5 2. Nf3 Nf6 3. c4 e6 4. g3 c6 5. Bg2 Bb4+ 6. Bd2 Be7 7. Nc3 Nbd7 8. 0-0 0-0 9. b3 b6 10. Ne5 Nxe5 11. dxe5 Nd7 12. f4 b5 13. Be3 bxc4 14. bxc4 Ba6 15. cxd5 cxd5 16. f5 Nxe5 17. fxe6 fxe6 18. Rxf8+ Kxf8 19. Qd4 Bf6 20. Rf1 Kg8 21. Qa4 Bc4 22. Bd2 Qb6+ 23. Kh1 Qb2 24. Be1 Rf8 25. Qxa7 Nc6 26. Qd7 Nd8 27. Bh3 d4 28. Ne4 Bd5 29. Bg2 Qxe2 0-1

[Event "Bayern-ch Seniors 22nd"]
[Site "Bergen"]
[Date "2010.06.17"]
[Round "6"]
[White "Hansch, Klaus Michael"]
[Black "Straub, Peter"]
[Result "0-1"]
[WhiteElo "1806"]
[BlackElo "2019"]
[PlyCount "72"]
[EventDate "2010.06.12"]
[EventType "swiss"]
[EventRounds "9"]
[EventCountry "GER"]
[SourceTitle "EXT 2011"]
[Source "ChessBase"]
[SourceDate "2010.11.26"]
[SourceVersion "1"]
[SourceVersionDate "2010.11.26"]
[SourceQuality "1"]

1. d4 Nf6 2. Nc3 c5 3. dxc5 e6 4. Nf3 Bxc5 5. e3 Nc6 6. Be2 d5 7. 0-0 0-0 8. Bd2 e5 9. Na4 Bd6 10. c4 d4 11. Qc2 Re8 12. Rfe1 d3 13. Bxd3 e4 14. Be2 exf3 15. Bxf3 Ne5 16. Be2 Bd7 17. b4 Rc8 18. Nb2 b6 19. Red1 Qc7 20. h3 Be6 21. Rac1 g6 22. a3 Bf5 23. Qb3 Ne4 24. Be1 Bf8 25. f3 Nf6 26. e4 Ned7 27. Bf1 Be6 28. Qc2 Bh6 29. Bd2 Bxd2 30. Rxd2 Qg3 31. Kh1 Ne5 32. Qd1 Nh5 33. a4 Qf4 34. Kg1 Ng3 35. c5 Qe3+ 36. Rf2 Nh1 0-1

[Event "Bayern-ch Seniors 22nd"]
[Site "Bergen"]
[Date "2010.06.12"]
[Round "1"]
[White "Straub, Peter"]
[Black "Malik, Heinz"]
[Result "1-0"]
[WhiteElo "2019"]
[BlackElo "1611"]
[PlyCount "57"]
[EventDate "2010.06.12"]
[EventType "swiss"]
[EventRounds "9"]
[EventCountry "GER"]
[SourceTitle "EXT 2011"]
[Source "ChessBase"]
[SourceDate "2010.11.26"]
[SourceVersion "1"]
[SourceVersionDate "2010.11.26"]
[SourceQuality "1"]

1. d4 Nf6 2. c4 e6 3. Nf3 b6 4. g3 Bb7 5. Bg2 c5 6. d5 exd5 7. Nh4 g6 8. cxd5 d6 9. 0-0 Bg7 10. Nc3 0-0 11. e4 Re8 12. Re1 Nbd7 13. Bd2 Ne5 14. b3 Nd3 15. Re3 Ne5 16. h3 Ba6 17. f4 Ned7 18. a4 Nh5 19. Kh2 Nxf4 20. gxf4 Qxh4 21. Rf3 Bxc3 22. Rxc3 Rac8 23. Qf3 Bb7 24. Rac1 Qf6 25. Re1 a6 26. Qf1 Rc7 27. e5 Nxe5 28. fxe5 Rxe5 29. Qxf6 1-0